WWE King of the Ring Winners - Sudden Death - Statistics

General Stats
  • This quiz has been taken 154 times
  • The average score is 11 of 23
Answers on the Grid
Answers color-coded by a green-red scale on the quiz's grid according to % correct below.
Alberto Del Rio
Bad News Barrett
Baron Corbin
Billy Gunn
Bob Backlund
Booker T
Bret Hart
Brock Lesnar
Cody Rhodes
Dolph Ziggler
Don Muraco
Dusty Rhodes
Eddie Guerrero
Edge
Gunther
Harley Race
Jake Roberts
Jerry Lawler
Jimmy Snuka
John Cena
Ken Shamrock
Kofi Kingston
Kurt Angle
Mabel
Mr. Perfect
Owen Hart
Randy Savage
Ric Flair
Rob Van Damn
Seth Rollins
Shawn Michaels
Sheamus
Stone Cold Steve Austin
Ted DiBiase
The Miz
Tito Santana
Triple H
Ultimate Warrior
William Regal
Xavier Woods
 
Answer Stats
Answer % Correct
Booker T
77%
Bad News Barrett
76%
Gunther
71%
Baron Corbin
66%
Bret Hart
65%
Brock Lesnar
59%
Stone Cold Steve Austin
52%
Cody Rhodes
50%
Edge
50%
Sheamus
50%
William Regal
48%
Xavier Woods
46%
Harley Race
44%
Mabel
44%
Triple H
44%
Kurt Angle
43%
Owen Hart
41%
Billy Gunn
37%
Randy Savage
34%
Don Muraco
29%
Ken Shamrock
28%
Tito Santana
21%
Ted DiBiase
20%
No matching quizzes found
Score Distribution
Percent of People with Each Score
Percentile by Number Answered
Your Score History
You have not taken this quiz